000 00807nam a22002537a 4500
003 OSt
005 20260601193902.0
008 260508b1980 sp a|||| |||| 00| 0 spa d
020 _a8431516569
040 _aICI
_bspa
_cICI
050 _aTL770
_b.D34 1987
100 1 _aD'Agostino, Carlo,
_eautor.
245 1 _aModelismo aéreo /
_cCarlo d'Agostino.
300 _a95 páginas :
_bilustraciones ;
500 _aManual ilustrado sobre técnicas y construcción de modelos de aeronaves.
504 _aIncluye índice y referencias técnicas.
650 _aAeromodelismo.
650 _aModelos de aviones.
650 _aAeronaves
_xModelos reducidos.
_934067
650 _aAviación recreativa.
_934068
650 _aManualidades técnicas.
650 _aConstrucción de modelos.
942 _2lcc
_cB
_n1
999 _c22283
_d22283